[Event "WchT (Women) 5th"]
[Site "Chengdu"]
[Date "2015.04.27"]
[Round "8.3"]
[White "Kosteniuk, Alexandra"]
[Black "Muzychuk, Mariya"]
[Result "1/2-1/2"]
[WhiteElo "2529"]
[BlackElo "2526"]
[PlyCount "143"]
[EventDate "2015.04.19"]
[EventType "team-tourn"]
[EventRounds "9"]
[EventCountry "CHN"]
[SourceTitle "CBM 166 Extra"]
[Source "ChessBase"]
[SourceDate "2015.06.18"]
[SourceVersion "1"]
[SourceVersionDate "2015.06.18"]
[SourceQuality "1"]
[WhiteTeam "Russia (W)"]
[BlackTeam "Ukraine (W)"]
[WhiteTeamCountry "RUS"]
[BlackTeamCountry "UKR"]

1. e4 e5 2. Nf3 Nc6 3. Bb5 a6 4. Ba4 Nf6 5. O-O Nxe4 6. d4 b5 7. Bb3 d5 8. dxe5
Be6 9. Qe2 Be7 10. Rd1 O-O 11. c4 bxc4 12. Bxc4 Bc5 13. Be3 Bxe3 14. Qxe3 Qb8
15. Bb3 Qb6 16. Qxb6 cxb6 17. Na3 Nc5 18. Bxd5 Bxd5 19. Rxd5 Rfd8 20. Rad1 Rxd5
21. Rxd5 Nb4 22. Rd4 Nxa2 23. Nc4 b5 24. Nd6 Nc1 25. Kf1 Ne6 26. Rd1 Nb3 27.
Nd2 Nbc5 28. N2e4 Nxe4 29. Nxe4 Rc8 30. g3 h6 31. Rd2 Rc4 32. Nd6 Rc1+ 33. Ke2
g5 34. Ne4 Kg7 35. Kf3 Re1 36. g4 h5 37. h3 h4 38. Rd6 a5 39. Rd5 b4 40. Nd6 a4
41. Nf5+ Kg6 42. Ra5 Ra1 43. Ke4 b3 44. Ne7+ Kh7 45. Nd5 Kg7 46. Nc3 Ra2 47.
Ke3 Rxb2 48. Rxa4 Rc2 49. Ne4 Rc1 50. Rb4 Re1+ 51. Kd2 Rb1 52. Nd6 Nc5 53. Nf5+
Kh7 54. Rb5 Ne4+ 55. Ke3 b2 56. Kxe4 Re1+ 57. Ne3 b1=Q+ 58. Rxb1 Rxb1 59. Kf5
Rh1 60. Kxg5 Rxh3 61. Nf5 Rh2 62. Nxh4 Rxf2 63. Nf5 Kg8 64. Kf6 Rg2 65. e6 fxe6
66. Kxe6 Kh7 67. Kf6 Rxg4 68. Ne3 Rg6+ 69. Kf5 Kg7 70. Nd5 Ra6 71. Ke5 Kf7 72.
Nf4 1/2-1/2

[Event "Calvi Balagne rapid KO 12th"]
[Site "Calvi"]
[Date "2014.05.24"]
[Round "5.2"]
[White "Van Wely, Loek"]
[Black "Kosteniuk, Alexandra"]
[Result "1-0"]
[WhiteElo "2653"]
[BlackElo "2530"]
[PlyCount "97"]
[EventDate "2015.05.24"]
[EventType "k.o. (rapid)"]
[EventRounds "14"]
[EventCountry "FRA"]
[SourceTitle "EXT 2016"]
[Source "ChessBase"]
[SourceDate "2015.10.08"]
[SourceVersion "1"]
[SourceVersionDate "2015.10.08"]
[SourceQuality "1"]
[WhiteClock "0:00:26"]
[BlackClock "0:00:42"]

1. d4 Nf6 2. c4 e6 3. Nf3 Nc6 4. a3 d6 5. Nc3 g6 6. g3 Bg7 7. Bg2 O-O 8. O-O
Re8 9. Re1 e5 10. d5 Na5 11. Nd2 e4 12. e3 b6 13. Qc2 Bf5 14. Ncxe4 Kf8 15. Rb1
Qe7 16. f3 Bxe4 17. fxe4 Ng4 18. b4 Nb7 19. Nb3 Qg5 20. Nd4 Qh6 21. h3 Nf6 22.
e5 Rxe5 23. e4 Qh5 24. g4 Nxg4 25. hxg4 Qxg4 26. Nf3 Rh5 27. Bb2 f6 28. Qa4 Nd8
29. Re2 Nf7 30. Rf1 Kg8 31. Qc6 Rc8 32. Qb7 a5 33. bxa5 bxa5 34. Bc3 a4 35. Rb2
Rf8 36. Qxc7 Qxe4 37. Re1 Qd3 38. Bb4 Bh6 39. Qe7 Ne5 40. Nxe5 Be3+ 41. Rxe3
Qxe3+ 42. Rf2 Rxe5 43. Qxd6 Rfe8 44. Qxf6 Rf5 45. Qb2 Ref8 46. Bxf8 Qe1+ 47.
Bf1 Rg5+ 48. Rg2 Rf5 49. Qg7# 1-0

[Event "Calvi Balagne rapid KO 12th"]
[Site "Calvi"]
[Date "2014.05.24"]
[Round "6.4"]
[White "Kosteniuk, Alexandra"]
[Black "Lhostis, Florian"]
[Result "1-0"]
[WhiteElo "2530"]
[BlackElo "1847"]
[PlyCount "63"]
[EventDate "2015.05.24"]
[EventType "k.o. (rapid)"]
[EventRounds "14"]
[EventCountry "FRA"]
[SourceTitle "EXT 2016"]
[Source "ChessBase"]
[SourceDate "2015.10.08"]
[SourceVersion "1"]
[SourceVersionDate "2015.10.08"]
[SourceQuality "1"]
[WhiteClock "0:03:04"]
[BlackClock "0:00:09"]

1. e4 e6 2. d4 d5 3. Nc3 Bb4 4. a3 Bxc3+ 5. bxc3 dxe4 6. Qg4 Qf6 7. Qxe4 Qg6 8.
Qe2 Nf6 9. Nf3 O-O 10. g3 Qe4 11. Bg2 Nbd7 12. Be3 Qg6 13. O-O Rb8 14. Rab1 b6
15. Nh4 Qh5 16. Qc4 Nd5 17. Bd2 g5 18. Bf3 g4 19. Bxd5 Qxd5 20. Qxd5 exd5 21.
Nf5 Nf6 22. Ne7+ Kg7 23. Bf4 Re8 24. Nc6 Rb7 25. Be5 Bf5 26. f3 Kg6 27. Bxf6
Bxc2 28. Rb2 Kxf6 29. fxg4+ Kg5 30. Rxc2 f6 31. Rcf2 Re6 32. Nd8 1-0

[Event "Calvi Balagne rapid KO 12th"]
[Site "Calvi"]
[Date "2015.05.25"]
[Round "10.3"]
[White "Van Wely, Loek"]
[Black "Kosteniuk, Alexandra"]
[Result "0-1"]
[WhiteElo "2653"]
[BlackElo "2530"]
[PlyCount "100"]
[EventDate "2015.05.24"]
[EventType "k.o. (rapid)"]
[EventRounds "14"]
[EventCountry "FRA"]
[SourceTitle "EXT 2016"]
[Source "ChessBase"]
[SourceDate "2015.10.08"]
[SourceVersion "1"]
[SourceVersionDate "2015.10.08"]
[SourceQuality "1"]
[WhiteClock "0:00:17"]
[BlackClock "0:00:35"]

1. Nf3 Nf6 2. c4 Nc6 3. d4 e6 4. a3 d6 5. Nc3 g6 6. g3 Bg7 7. Bg2 O-O 8. O-O
Re8 9. Re1 Bd7 10. h3 Qc8 11. Kh2 e5 12. dxe5 Nxe5 13. Nxe5 dxe5 14. Be3 c6 15.
Rc1 Bf5 16. b4 h5 17. b5 Qe6 18. Qa4 e4 19. bxc6 bxc6 20. Red1 h4 21. c5 hxg3+
22. fxg3 Nh5 23. Rd6 Qe5 24. Bf2 Bh6 25. Qd1 Bxc1 26. Qxc1 e3 27. Be1 Rad8 28.
Bxc6 Rxd6 29. cxd6 Rc8 30. d7 Rd8 31. Nd1 Qc7 32. Nxe3 Bxd7 33. Nd5 Qe5 34.
Bxd7 Qxd5 35. Bg4 Qd1 36. Qc7 Re8 37. Bf2 Nf6 38. Bf3 a6 39. Qb7 Re6 40. Kg2
Qa4 41. Bc5 Ne4 42. Bb4 Qe8 43. Qa7 Ng5 44. h4 Nxf3 45. exf3 Re2+ 46. Kh3 Qc8+
47. g4 Qc1 48. Qa8+ Kh7 49. Qd5 Qh1+ 50. Kg3 Qh2# 0-1

[Event "Calvi Balagne rapid KO 12th"]
[Site "Calvi"]
[Date "2015.05.25"]
[Round "11.3"]
[White "Kosteniuk, Alexandra"]
[Black "Van Wely, Loek"]
[Result "0-1"]
[WhiteElo "2530"]
[BlackElo "2653"]
[PlyCount "74"]
[EventDate "2015.05.24"]
[EventType "k.o. (rapid)"]
[EventRounds "14"]
[EventCountry "FRA"]
[SourceTitle "EXT 2016"]
[Source "ChessBase"]
[SourceDate "2015.10.08"]
[SourceVersion "1"]
[SourceVersionDate "2015.10.08"]
[SourceQuality "1"]
[WhiteClock "0:00:06"]
[BlackClock "0:00:13"]

1. e4 c5 2. Nf3 d6 3. Bb5+ Nd7 4. c3 Ngf6 5. Qe2 a6 6. Ba4 b5 7. Bc2 e5 8. O-O
Be7 9. d4 O-O 10. a4 Rb8 11. Rd1 Qb6 12. Nbd2 exd4 13. cxd4 Re8 14. Nf1 Bf8 15.
Ng3 Bb7 16. a5 Qa7 17. Bf4 cxd4 18. Rxd4 Ne5 19. Be3 Neg4 20. Nf5 Nxe3 21. Qxe3
Rbc8 22. Bb3 Qc5 23. Qg5 Kh8 24. Bxf7 Rxe4 25. h4 Re2 26. Rad1 Ne4 27. Qf4 Nxf2
28. Nxd6 Bxd6 29. Qxd6 Qxd6 30. Rxd6 Nxd1 31. Rxd1 Bxf3 32. gxf3 Rxb2 33. Be6
Re8 34. Rd6 Ra8 35. h5 b4 36. h6 gxh6 37. Rd7 Rc8 0-1

[Event "Calvi Balagne rapid KO 12th"]
[Site "Calvi"]
[Date "2015.05.25"]
[Round "12.3"]
[White "Kosteniuk, Alexandra"]
[Black "Van Wely, Loek"]
[Result "1/2-1/2"]
[WhiteElo "2530"]
[BlackElo "2653"]
[PlyCount "141"]
[EventDate "2015.05.24"]
[EventType "k.o. (rapid)"]
[EventRounds "14"]
[EventCountry "FRA"]
[SourceTitle "EXT 2016"]
[Source "ChessBase"]
[SourceDate "2015.10.08"]
[SourceVersion "1"]
[SourceVersionDate "2015.10.08"]
[SourceQuality "1"]
[WhiteClock "0:00:08"]
[BlackClock "0:00:14"]

1. e4 c5 2. Nf3 e6 3. d4 cxd4 4. Nxd4 a6 5. Bd3 Bc5 6. Be3 d6 7. Nd2 Nf6 8. c3
O-O 9. Qe2 Qc7 10. O-O Nbd7 11. h3 d5 12. Bg5 h6 13. Bh4 Re8 14. Bg3 Bd6 15.
Bxd6 Qxd6 16. exd5 Nxd5 17. Ne4 Qc7 18. g3 b6 19. Rfe1 Bb7 20. Bc2 Nc5 21. Nf3
Nxe4 22. Bxe4 Rad8 23. Rad1 b5 24. Ne5 Nf6 25. Bxb7 Qxb7 26. Qf3 Qxf3 27. Nxf3
Nd5 28. Ne5 Nb6 29. Nc6 Rc8 30. Ne5 Red8 31. Kf1 Na4 32. Nd3 Rd5 33. Ke2 Rcd8
34. h4 a5 35. Ke3 Kf8 36. Ke2 Ke7 37. Ke3 g6 38. Ke2 g5 39. hxg5 hxg5 40. Rd2
Nxb2 41. Rxb2 Rxd3 42. Rxb5 Rd2+ 43. Ke3 R2d3+ 44. Ke2 Rd2+ 45. Kf3 Rxa2 46.
Rxg5 Rdd2 47. Rf1 Rdc2 48. Rc5 Ra3 49. Ke4 Rcxc3 50. Rxc3 Rxc3 51. Ra1 Rc4+ 52.
Kd3 Rc5 53. Rb1 Kf6 54. Rb7 Re5 55. Ra7 Kg6 56. Kd4 f6 57. f4 Rb5 58. Ke4 Rb4+
59. Kf3 a4 60. Ra6 Kf7 61. Ra7+ Ke8 62. g4 e5 63. fxe5 fxe5 64. g5 Kf8 65. Ra5
e4+ 66. Kf4 Kg7 67. Ra7+ Kg6 68. Ra6+ Kg7 69. Ra7+ Kg6 70. Ra6+ Kf7 71. Ra7+
1/2-1/2

[Event "Calvi Balagne rapid KO 12th"]
[Site "Calvi"]
[Date "2015.05.25"]
[Round "13.3"]
[White "Van Wely, Loek"]
[Black "Kosteniuk, Alexandra"]
[Result "1/2-1/2"]
[WhiteElo "2653"]
[BlackElo "2530"]
[PlyCount "77"]
[EventDate "2015.05.24"]
[EventType "k.o. (rapid)"]
[EventRounds "14"]
[EventCountry "FRA"]
[SourceTitle "EXT 2016"]
[Source "ChessBase"]
[SourceDate "2015.10.08"]
[SourceVersion "1"]
[SourceVersionDate "2015.10.08"]
[SourceQuality "1"]
[WhiteClock "0:00:29"]
[BlackClock "0:00:15"]

1. d4 Nf6 2. Nf3 e6 3. g3 b5 4. Bg2 d5 5. O-O Nbd7 6. Bg5 Be7 7. Nbd2 O-O 8. c3
Rb8 9. b4 h6 10. Bxf6 Bxf6 11. e3 e5 12. dxe5 Nxe5 13. Qc2 a5 14. a3 c6 15.
Nxe5 Bxe5 16. Nf3 Bf6 17. Nd4 Bd7 18. Rfd1 Qb6 19. e4 axb4 20. axb4 dxe4 21.
Bxe4 c5 22. bxc5 Qxc5 23. Rab1 Bg4 24. Rd2 Rb6 25. Qd3 b4 26. cxb4 Rxb4 27.
Rxb4 Qxb4 28. Nc6 Qc5 29. Kg2 Qh5 30. h4 Qc5 31. Qd6 Qxd6 32. Rxd6 Re8 33. Bf3
Bc8 34. Bd5 Kf8 35. Bf3 Be6 36. Nd4 Bc8 37. Nc6 Be6 38. Nd4 Bc8 39. Nc6 1/2-1/2

[Event "Calvi Balagne rapid KO 12th"]
[Site "Calvi"]
[Date "2015.05.25"]
[Round "14.3"]
[White "Van Wely, Loek"]
[Black "Kosteniuk, Alexandra"]
[Result "1-0"]
[WhiteElo "2653"]
[BlackElo "2530"]
[PlyCount "74"]
[EventDate "2015.05.24"]
[EventType "k.o. (rapid)"]
[EventRounds "14"]
[EventCountry "FRA"]
[SourceTitle "EXT 2016"]
[Source "ChessBase"]
[SourceDate "2015.10.08"]
[SourceVersion "1"]
[SourceVersionDate "2015.10.08"]
[SourceQuality "1"]
[WhiteClock "0:02:00"]
[BlackClock "0:01:15"]

1. d4 Nf6 2. Nf3 e6 3. c4 Nc6 4. a3 d6 5. Nc3 g6 6. g3 Bg7 7. Bg2 O-O 8. O-O
Re8 9. Rb1 Rb8 10. b4 e5 11. d5 Nd4 12. Nxd4 exd4 13. Nb5 Bf5 14. Rb3 d3 15.
exd3 a6 16. Nd4 Bd7 17. Nc2 Ba4 18. Rb1 Qd7 19. Qd2 Qg4 20. Ne3 Qh5 21. Bb2 Bd7
22. Rbe1 Bh3 23. f3 Bxg2 24. Kxg2 Nd7 25. Bxg7 Kxg7 26. Ng4 Ne5 27. h3 Qf5 28.
Re4 h5 29. Ne3 Qf6 30. Qc3 Nd7 31. Qd2 a5 32. Rf4 Qe5 33. Re4 Qf6 34. g4 axb4
35. axb4 Ra8 36. gxh5 Qg5+ 37. Kh2 Qxh5 1-0

[Event "SUI-ch op"]
[Site "Leukerbad"]
[Date "2015.07.09"]
[Round "1"]
[White "Kosteniuk, Alexandra"]
[Black "Fuchs, Judith"]
[Result "1-0"]
[WhiteElo "2520"]
[BlackElo "2286"]
[PlyCount "81"]
[EventDate "2015.07.09"]
[EventType "swiss"]
[EventRounds "9"]
[EventCountry "SUI"]
[SourceTitle "EXT 2019"]
[Source "ChessBase"]
[SourceDate "2018.10.10"]
[SourceVersion "1"]
[SourceVersionDate "2018.10.10"]
[SourceQuality "1"]

1. e4 c5 2. Nf3 d6 3. Bb5+ Bd7 4. Bxd7+ Qxd7 5. d4 cxd4 6. Qxd4 Nc6 7. Qd3 g6
8. c4 Bg7 9. O-O Nf6 10. h3 O-O 11. Nc3 Qd8 12. Bg5 Nd7 13. Rac1 Rc8 14. b3 Re8
15. Qd2 Qa5 16. Nh2 Nc5 17. Rfe1 Ne5 18. Rc2 b6 19. Ng4 Ncd3 20. Re2 Nb4 21.
Rc1 Ned3 22. Rd1 h5 23. Nh6+ Kh7 24. Be3 Rf8 25. Nb5 Ne5 26. a3 Nbc6 27. Qc1 a6
28. Nd4 b5 29. Ndf5 gxf5 30. Nxf5 Rh8 31. c5 dxc5 32. Bxc5 Qc7 33. Rc2 Ng6 34.
Qg5 Kg8 35. Bxe7 Qf4 36. Qxf4 Nxf4 37. Bd6 Ng6 38. Rdc1 Re8 39. Rxc6 Rxe4 40.
Rxa6 Kh7 41. Ra7 1-0

[Event "SUI-ch op"]
[Site "Leukerbad"]
[Date "2015.07.10"]
[Round "2"]
[White "Klauser, Markus"]
[Black "Kosteniuk, Alexandra"]
[Result "1/2-1/2"]
[WhiteElo "2389"]
[BlackElo "2520"]
[PlyCount "164"]
[EventDate "2015.07.09"]
[EventType "swiss"]
[EventRounds "9"]
[EventCountry "SUI"]
[SourceTitle "EXT 2019"]
[Source "ChessBase"]
[SourceDate "2018.10.10"]
[SourceVersion "1"]
[SourceVersionDate "2018.10.10"]
[SourceQuality "1"]

1. e4 c5 2. Nf3 Nc6 3. Bb5 Nf6 4. Bxc6 dxc6 5. d3 Bg4 6. h3 Bh5 7. Nbd2 Nd7 8.
Nf1 e5 9. Ng3 Bg6 10. O-O Be7 11. Nh2 h5 12. f4 exf4 13. Bxf4 Qb6 14. Qd2 O-O-O
15. Nf3 h4 16. Ne2 c4+ 17. Be3 Qa6 18. Nf4 Bh7 19. Qc3 g5 20. Ne2 Rhg8 21. Nh2
Rgf8 22. Rad1 cxd3 23. cxd3 Bxe4 24. dxe4 Qxe2 25. Ng4 f5 26. Rde1 Qb5 27. a4
Qxa4 28. exf5 Qb5 29. Qc2 Rde8 30. Rd1 Nf6 31. Bd4 Nxg4 32. hxg4 Bd6 33. f6 Bf4
34. Rfe1 Rxe1+ 35. Rxe1 Qd5 36. Bc3 Bc7 37. Qf5+ Qxf5 38. gxf5 g4 39. Re7 h3
40. gxh3 gxh3 41. f7 Bd6 42. f6 Kd8 43. Rxb7 Bc7 44. Ba5 Bxa5 45. Rb8+ Kd7 46.
Rxf8 Ke6 47. Rc8 Kxf7 48. Rxc6 Bd8 49. Kh2 Bxf6 50. b3 Bd4 51. Kxh3 Ke7 52. Kg4
Kd7 53. Rg6 Kc7 54. Kf5 Kb7 55. Ke4 Bf2 56. Kd5 a6 57. Kc4 Be3 58. Re6 Bf2 59.
Kb4 Bh4 60. Ka4 Bg5 61. Kb4 Bh4 62. Kc5 Bf2+ 63. Kd5 Bg3 64. Re4 Kb6 65. Rb4+
Kc7 66. Rg4 Bf2 67. Rg6 Kb7 68. b4 Be3 69. Kc4 Bf2 70. Kb3 Bh4 71. Ka4 Bd8 72.
Re6 Bc7 73. b5 axb5+ 74. Kxb5 Bg3 75. Re7+ Ka8 76. Kc6 Bh2 77. Re8+ Bb8 78. Re2
Ba7 79. Kc7 Bb8+ 80. Kc8 Ba7 81. Rb2 Bd4 82. Ra2+ Ba7 1/2-1/2

[Event "SUI-ch op"]
[Site "Leukerbad"]
[Date "2015.07.11"]
[Round "3"]
[White "Kosteniuk, Alexandra"]
[Black "Gerber, Richard"]
[Result "1-0"]
[WhiteElo "2520"]
[BlackElo "2363"]
[PlyCount "81"]
[EventDate "2015.07.09"]
[EventType "swiss"]
[EventRounds "9"]
[EventCountry "SUI"]
[SourceTitle "EXT 2019"]
[Source "ChessBase"]
[SourceDate "2018.10.10"]
[SourceVersion "1"]
[SourceVersionDate "2018.10.10"]
[SourceQuality "1"]

1. e4 c5 2. Nf3 d6 3. d4 cxd4 4. Nxd4 Nf6 5. Nc3 g6 6. Be3 Bg7 7. f3 Nc6 8. Qd2
O-O 9. O-O-O d5 10. exd5 Nxd5 11. Nxc6 bxc6 12. Bd4 Bxd4 13. Qxd4 Qb6 14. Na4
Qa5 15. b3 Be6 16. Qe5 Qb4 17. Kb2 Rab8 18. Rd4 Qd6 19. Qxd6 exd6 20. Bc4 Rfc8
21. Bxd5 cxd5 22. Rhd1 Rc7 23. R1d3 h5 24. Rc3 Re7 25. Re3 Rc7 26. Nc3 Rc5 27.
Ne2 Kg7 28. Ra4 Rb7 29. Ra6 Rd7 30. Nd4 Kf6 31. a4 Rcc7 32. Nb5 Rb7 33. Rc3 Ke5
34. Rcc6 d4 35. Ra5 d5 36. Rca6 h4 37. g3 hxg3 38. hxg3 d3 39. cxd3 g5 40. d4+
Kf5 41. Nd6+ 1-0

[Event "SUI-ch op"]
[Site "Leukerbad"]
[Date "2015.07.12"]
[Round "4"]
[White "Wyss, Peter"]
[Black "Kosteniuk, Alexandra"]
[Result "0-1"]
[WhiteElo "1973"]
[BlackElo "2520"]
[PlyCount "50"]
[EventDate "2015.07.09"]
[EventType "swiss"]
[EventRounds "9"]
[EventCountry "SUI"]
[SourceTitle "EXT 2019"]
[Source "ChessBase"]
[SourceDate "2018.10.10"]
[SourceVersion "1"]
[SourceVersionDate "2018.10.10"]
[SourceQuality "1"]

1. e4 c5 2. b3 Nc6 3. Bb2 e6 4. Nf3 b6 5. Bb5 Bb7 6. O-O Nf6 7. Bxc6 Bxc6 8. d3
Be7 9. Nbd2 O-O 10. Ne5 Bb7 11. Ng4 d5 12. exd5 Qxd5 13. Ne3 Qc6 14. Ndc4 Nd7
15. Qg4 Bf6 16. Bxf6 Nxf6 17. Qg3 Nh5 18. Qg5 g6 19. Ne5 Qc7 20. N5g4 f6 21.
Qh4 f5 22. Nh6+ Kg7 23. g4 Nf4 24. f3 Qd8 25. Qxd8 Raxd8 0-1

[Event "SUI-ch op"]
[Site "Leukerbad"]
[Date "2015.07.13"]
[Round "5"]
[White "Kosteniuk, Alexandra"]
[Black "Bauer, Christian"]
[Result "0-1"]
[WhiteElo "2520"]
[BlackElo "2615"]
[PlyCount "80"]
[EventDate "2015.07.09"]
[EventType "swiss"]
[EventRounds "9"]
[EventCountry "SUI"]
[SourceTitle "EXT 2019"]
[Source "ChessBase"]
[SourceDate "2018.10.10"]
[SourceVersion "1"]
[SourceVersionDate "2018.10.10"]
[SourceQuality "1"]

1. e4 e6 2. d4 d5 3. Nc3 Nc6 4. Nf3 Nf6 5. Bd3 Nb4 6. Bg5 Be7 7. e5 Nd7 8. Bxe7
Qxe7 9. O-O O-O 10. a3 Nxd3 11. cxd3 b6 12. b4 c6 13. Qd2 Bb7 14. Ne2 a5 15.
Rfb1 axb4 16. axb4 Rfc8 17. h4 Nf8 18. Ng3 Ba6 19. Nh5 Ra7 20. Ra3 Rca8 21.
Rba1 Ng6 22. Ng3 h6 23. h5 Nf8 24. Ne2 Bb5 25. Rxa7 Rxa7 26. Rxa7 Qxa7 27. g4
Qe7 28. Kg2 Nd7 29. Kg3 Nb8 30. Nc3 Qxb4 31. g5 hxg5 32. Qxg5 Bxd3 33. Na4 Be4
34. h6 Bg6 35. Nc5 gxh6 36. Qd8+ Kh7 37. Nb7 Qa3 38. Kf4 Bh5 39. Ng5+ hxg5+ 40.
Kxg5 Qf3 0-1

[Event "SUI-ch op"]
[Site "Leukerbad"]
[Date "2015.07.14"]
[Round "6"]
[White "Colmenares, Aurelio"]
[Black "Kosteniuk, Alexandra"]
[Result "0-1"]
[WhiteElo "2351"]
[BlackElo "2520"]
[PlyCount "80"]
[EventDate "2015.07.09"]
[EventType "swiss"]
[EventRounds "9"]
[EventCountry "SUI"]
[SourceTitle "EXT 2019"]
[Source "ChessBase"]
[SourceDate "2018.10.10"]
[SourceVersion "1"]
[SourceVersionDate "2018.10.10"]
[SourceQuality "1"]

1. e4 c6 2. d4 d5 3. Nd2 dxe4 4. Nxe4 Bf5 5. Ng3 Bg6 6. h4 h6 7. Nf3 Nd7 8. h5
Bh7 9. Bd3 Bxd3 10. Qxd3 e6 11. Bd2 Ngf6 12. O-O-O Bd6 13. Ne4 Nxe4 14. Qxe4
Nf6 15. Qe2 Bc7 16. Kb1 Qd5 17. Ka1 O-O 18. c4 Qe4 19. Be3 b5 20. Rh4 Qf5 21.
g4 Nxg4 22. Rg1 Nxe3 23. fxe3 Kh8 24. e4 Qf6 25. e5 Qf5 26. Qg2 Rg8 27. Rg4 Bd8
28. cxb5 cxb5 29. Nd2 Bg5 30. Ne4 f6 31. Rg3 Raf8 32. Nd6 Qf4 33. Rg4 Qe3 34.
Qb7 f5 35. R4g2 Qxd4 36. Nf7+ Rxf7 37. Qxf7 Qxe5 38. Rd1 Bf6 39. Rgd2 a5 40.
Kb1 a4 0-1

[Event "SUI-ch op"]
[Site "Leukerbad"]
[Date "2015.07.15"]
[Round "7"]
[White "Kosteniuk, Alexandra"]
[Black "Studer, Noel"]
[Result "1-0"]
[WhiteElo "2520"]
[BlackElo "2409"]
[PlyCount "93"]
[EventDate "2015.07.09"]
[EventType "swiss"]
[EventRounds "9"]
[EventCountry "SUI"]
[SourceTitle "EXT 2019"]
[Source "ChessBase"]
[SourceDate "2018.10.10"]
[SourceVersion "1"]
[SourceVersionDate "2018.10.10"]
[SourceQuality "1"]

1. e4 e6 2. d4 d5 3. Nc3 Nf6 4. Bg5 Bb4 5. e5 h6 6. Bc1 Ne4 7. Qg4 g6 8. Nge2
c5 9. a3 Bxc3+ 10. Nxc3 Nxc3 11. bxc3 Qa5 12. Bd2 Qa4 13. Qf3 Nd7 14. Qd3 c4
15. Qe3 Qxc2 16. Be2 b6 17. a4 f6 18. exf6 Nxf6 19. O-O Qe4 20. Qg3 Bd7 21. f3
Qf5 22. Qd6 Ng8 23. Bd1 Ne7 24. Ra2 Qf7 25. Re1 Rc8 26. a5 b5 27. Bc1 Kd8 28.
Rae2 Nf5 29. Qa6 b4 30. Qxa7 bxc3 31. Ba4 Qg7 32. Bxd7 Rc7 33. Qb8+ Kxd7 34.
Qb5+ Ke7 35. Rxe6+ Kf7 36. R6e5 Rd8 37. Bf4 Rcd7 38. Qb6 Kg8 39. Re8+ Kh7 40.
Rxd8 Rxd8 41. Qxd8 Qxd4+ 42. Be3 Nxe3 43. Qe7+ Kg8 44. Qxe3 Qxe3+ 45. Rxe3 d4
46. a6 c2 47. Re1 1-0

[Event "SUI-ch op"]
[Site "Leukerbad"]
[Date "2015.07.16"]
[Round "8"]
[White "Stojanovic, Mihajlo"]
[Black "Kosteniuk, Alexandra"]
[Result "1/2-1/2"]
[WhiteElo "2558"]
[BlackElo "2520"]
[PlyCount "21"]
[EventDate "2015.07.09"]
[EventType "swiss"]
[EventRounds "9"]
[EventCountry "SUI"]
[SourceTitle "EXT 2019"]
[Source "ChessBase"]
[SourceDate "2018.10.10"]
[SourceVersion "1"]
[SourceVersionDate "2018.10.10"]
[SourceQuality "1"]

1. Nf3 d5 2. d4 Nf6 3. c4 e6 4. Nc3 c5 5. cxd5 Nxd5 6. e3 Nc6 7. Bb5 cxd4 8.
Nxd4 Nxc3 9. bxc3 Bd7 10. Nxc6 Bxc6 11. Bxc6+ 1/2-1/2

[Event "RUS-ch (Women) 65th"]
[Site "Chita"]
[Date "2015.08.16"]
[Round "7"]
[White "Kosteniuk, Alexandra"]
[Black "Savina, Anastasia"]
[Result "1-0"]
[WhiteElo "2526"]
[BlackElo "2429"]
[Annotator "Sagar Shah"]
[PlyCount "83"]
[EventDate "2015.08.09"]
[EventType "tourn"]
[EventRounds "11"]
[EventCountry "RUS"]
[EventCategory "9"]
[SourceTitle "EXT 2016"]
[Source "ChessBase"]
[SourceDate "2015.10.08"]
[SourceVersion "1"]
[SourceVersionDate "2015.10.08"]
[SourceQuality "1"]

1. e4 c5 2. Nf3 e6 3. d4 cxd4 4. Nxd4 Bc5 5. Nc3 Qb6 6. Be3 Nc6 7. Ndb5 Bxe3 8.
fxe3 Nf6 9. Nd6+ Ke7 10. Qd2 Ne5 11. O-O-O Ne8 12. Nf5+ Kd8 13. Nd4 a6 14. Nf3
Qc7 15. Qf2 Ke7 16. Qh4+ Nf6 17. Qg3 d6 18. Nxe5 dxe5 19. Qxg7 Rg8 20. Qh6 b5
21. Be2 b4 {Diagram [#] What would you play here as White?} 22. Rhf1 {
Kosteniuk is very well versed with the tactical motifs and gives a model
lesson in how pins can be created in a game. But it would have been much more
better to bring the other rook to f1. Do you understand why?} (22. Rdf1 $1 {
By simple comparison, Kosteniuk would have understood that the d1 rook does
the same functions as the h1 rook coming to f1 but here she is also vacating
the d1-square for her knight which will protect the e3 pawn.} Rg6 23. Qh4 $1
Qb6 (23... bxc3 24. Rxf6 Rxf6 25. Rf1 $18) 24. Nd1 $18 {And unlike in the game
when the e3 pawn just fell and the black queen came to g5 for the defence,
here White is simply winning.}) 22... Rg6 23. Qh4 Qb6 $1 (23... bxc3 24. Rxf6
Rxf6 25. Rf1 $18 {was Kosteniuk's nice little idea.}) 24. Nb1 {Not finding
anything reluctantly the knight had to retreat.} (24. Rxf6 Rxf6 25. Rf1 Qxe3+
26. Kb1 Qh6 $19) 24... Qxe3+ 25. Nd2 Bb7 $6 (25... Bd7 $11 {Keeping everything
guarded was much better. You can see how in the game the White queen swooped
in on b6 via f2 and the bishop on b7 started feeling extremely uncomfortable.})
26. Bh5 Qg5 27. Qf2 Qxh5 28. Qb6 Kf8 29. Qxb7 $16 {White once again has the
advantage and after a few moves which were not without ups and downs Kosteniuk
was able to convert it into a full point.} Rd8 30. Nc4 Rxd1+ 31. Rxd1 Rxg2 32.
Nd6 a5 33. Rf1 Qg5+ 34. Kb1 Qg6 35. a3 Kg7 36. axb4 axb4 37. Ka2 Rxc2 38. Qe7
b3+ 39. Ka3 Rc6 40. Rxf6 Ra6+ 41. Kxb3 Rb6+ 42. Ka4 1-0